000 00469nab a2200145Ia 4500
003 ES-SlBCS
005 20210601144730.0
008 140529s1983 xxu||||| |||| 00| 0 spa d
041 _aspa
100 1 _aFleischer, David
_9304363
245 0 0 _aIngeniería política en Suramérica: Brasil en perspectiva comparada
_c David Fleischer
651 4 _aBrasil-Política
_9209063
773 0 _tRevista de Estudios Politicos
_gnº. 36, 1983, págs. 61-105
_wRev367
942 _cAR
999 _c713428
_d713428